U.S. States that Border an Ocean - Sudden Death - Statistics

General Stats
  • This quiz has been taken 3,122 times
  • The average score is 16 of 23
Answers on the Grid
Answers color-coded by a green-red scale on the quiz's grid according to % correct below.
Alabama
Alaska
Arizona
Arkansas
California
Colorado
Connecticut
Delaware
Florida
Georgia
Hawaii
Idaho
Illinois
Indiana
Iowa
Kansas
Kentucky
Louisiana
Maine
Maryland
Massachusetts
Michigan
Minnesota
Mississippi
Missouri
Montana
Nebraska
Nevada
New Hampshire
New Jersey
New Mexico
New York
North Carolina
North Dakota
Ohio
Oklahoma
Oregon
Pennsylvania
Rhode Island
South Carolina
South Dakota
Tennessee
Texas
Utah
Vermont
Virginia
Washington
West Virginia
Wisconsin
Wyoming
 
Answer Stats
Answer % Correct
Alaska
90%
California
87%
Hawaii
85%
Florida
83%
Maine
73%
Massachusetts
71%
New York
71%
New Jersey
69%
Oregon
68%
Delaware
67%
North Carolina
67%
Washington
67%
Georgia
66%
Maryland
66%
Connecticut
64%
Rhode Island
64%
Alabama
63%
South Carolina
63%
Louisiana
62%
Texas
58%
Virginia
56%
Mississippi
52%
New Hampshire
44%
No matching quizzes found
Score Distribution
Percent of People with Each Score
Percentile by Number Answered
Your Score History
You have not taken this quiz